| 000 | 00428 a2200157 4500 | ||
|---|---|---|---|
| 003 | NUST | ||
| 005 | 20230309125616.0 | ||
| 040 | _cNust | ||
| 082 | _a891.4391,QUR | ||
| 100 |
_aQuratulain, Haider _976664 |
||
| 245 |
_aMere Bhi Sanam Khane /میرے بھی صنم خانے (Urdu) / _cQuratulain Haider |
||
| 260 |
_aLahore _bSange Meel _c1995 |
||
| 300 | _a320 p.; | ||
| 650 | _aUrdu Literature | ||
| 942 |
_2ddc _cBK _k891.439,QUR |
||
| 999 |
_c187986 _d187986 |
||